| 000 | 00656nam a2200241 a 4500 | ||
|---|---|---|---|
| 003 | AR-BaBNM | ||
| 005 | 20251128205849.0 | ||
| 008 | 082120s2002 ||||||||||||||000 | spa|| | ||
| 020 | _a950-724-527-8 | ||
| 040 | _cAR-BaBNM | ||
| 100 | 1 | _aAnder-Egg, Ezequiel | |
| 245 | 0 | 0 | _aDiccionario del trabajo social |
| 260 |
_aBuenos Aires _bLumen _c1995 |
||
| 300 | _a351 p. | ||
| 490 | 0 | _aPolítica, servicios y trabajo social | |
| 500 | _aÍndice: p. 343-351 | ||
| 650 | 4 | _aDICCIONARIOS | |
| 650 | 4 | _aTRABAJO SOCIAL | |
| 800 | 1 |
_aAnder-Egg, Ezequiel _edirector |
|
| 800 | 1 |
_aAguilar Idáñez, María José _edirector |
|
| 942 | _cBK | ||
| 998 | _carturo | ||
| 999 |
_c13064 _d13064 |
||